Statistics for 100 bliet ikbar fi New Zealand bi Mappa

Click here to take the quiz!

General Stats

  • This quiz has been taken 2 times
  • The average score is 24 of 100

Answers on the Map

Answers color-coded by a green-red scale on the quiz's map according to % correct below.
 

Answer Stats

popolazzjonitinkludibelt% Correct
1 638 800Hibiscus Coast, Waiheke Island,
Beachlands, Huapai
Auckland
100%
407 600Kaiapoi, Lyttelton, Prebbleton, WoodendChristchurch
100%
122 000MosgielDunedin
100%
51 200Invercargill
100%
67 500RichmondNelson
100%
418 500Upper Hutt, Lower Hutt, PoriruaWellington
100%
20 200Ashburton
50%
31 600RenwickBlenheim
50%
20 600Cambridge
50%
16 850Feilding
50%
37 200Gisborne
50%
203 100Hamilton
50%
70 600Havelock NorthHastings
50%
12 150Hawera
50%
42 700Paraparaumu, WaikanaeKapiti Coast
50%
7520Kerikeri
50%
21 200Levin
50%
4950Marton
50%
22 200Masterton
50%
7920Matamata
50%
63 900Napier
50%
58 300New Plymouth
50%
13 950Oamaru
50%
6410Otaki
50%
89 500AshhurstPalmerston North
50%
31 400Pukekohe
50%
19 540Lake HayesQueenstown
50%
18 300Rangiora
50%
16 250Rolleston
50%
59 500NgongotahaRotorua
50%
24 700Taupo
50%
141 600Papamoa, OmokoroaTauranga
50%
17 500KihikihiTe Awamutu
50%
4640Te Kuiti
50%
29 100Timaru
50%
14 050Tokoroa
50%
5150Waihi
50%
9780Waiuku
50%
19 750Ohope BeachWhakatane
50%
40 900Whanganui
50%
58 800Whangarei
50%
2370Winton
50%
5510Alexandra
0%
2950Arrowtown
0%
3990Balclutha
0%
5320Carterton
0%
5160Cromwell
0%
5360Dannevirke
0%
2230Darfield
0%
5180Dargaville
0%
2480Featherston
0%
4720Foxton
0%
2500Geraldine
0%
9910Gore
0%
9700Greymouth
0%
2380Greytown
0%
3150Helensville
0%
3590Hokitika
0%
8150Huntly
0%
3630Inglewood
0%
4560Kaikohe
0%
2150Kaikoura
0%
5860Kaitaia
0%
4710Katikati
0%
7080Kawerau
0%
6100Lincoln
0%
2270Mapua
0%
7870Morrinsville
0%
8450Motueka
0%
6580Ngaruawahia
0%
4320Opotiki
0%
2750Otorohanga
0%
2170Oxford
0%
4410Paeroa
0%
2570Pahiatua
0%
4350Picton
0%
4100Putaruru
0%
3310Raglan
0%
5040Snells Beach
0%
5740Stratford
0%
4720Taumarunui
0%
2140Te Anau
0%
4350Te Aroha
0%
4370Temuka
0%
8350Te Puke
0%
7350Thames
0%
3320Turangi
0%
2220Waihi Beach
0%
2890Waimate
0%
2160Waipawa
0%
4220Waipukurau
0%
4290Wairoa
0%
7040Waitara
0%
2360Wakefield
0%
8890Wanaka
0%
4890Warkworth
0%
2100Wellsford
0%
3960Westport
0%
3960Whangamata
0%
5080Whitianga
0%

Score Distribution

Percentile by Number Answered

Percent of People with Each Score

Your Score History

You have not taken this quiz